[Event "Titled Tuesday intern op 16th Jan Early"]
[Site "Chess.com INT"]
[Date "2024.01.16"]
[Round "6"]
[White "Baruch, Liam"]
[Black "Mishra, Manoj"]
[Result "1-0"]
[WhiteElo "1718"]
[BlackElo "1902"]
[PlyCount "45"]
[EventDate "2024.01.16"]
[EventType "swiss (blitz)"]
[EventRounds "11"]
[EventCountry "USA"]
[SourceTitle "CB04_2024"]
[SourceDate "2023.10.16"]
[SourceVersion "1"]
[SourceVersionDate "2023.10.16"]
[SourceQuality "1"]

1. e4 c5 2. Nf3 d6 3. d4 cxd4 4. Nxd4 Nf6 5. Nc3 a6 6. Be2 Nbd7 7. Be3 e6 8. 0-0 Be7 9. f4 Qc7 10. Bf3 0-0 11. g4 e5 12. Nf5 Nc5 13. g5 Nfxe4 14. Nxe7+ Qxe7 15. Nxe4 Nxe4 16. Bxe4 exf4 17. Rxf4 Qxg5+ 18. Kh1 Qe5 19. Qf3 f5 20. Bd4 Qxe4 21. Rxe4 fxe4 22. Qxe4 Bf5 23. Qxb7 1-0

[Event "Titled Tuesday intern op 16th Jan Early"]
[Site "Chess.com INT"]
[Date "2024.01.16"]
[Round "7"]
[White "Sava, Ana Maria"]
[Black "Mishra, Manoj"]
[Result "0-1"]
[WhiteElo "1916"]
[BlackElo "1902"]
[PlyCount "66"]
[EventDate "2024.01.16"]
[EventType "swiss (blitz)"]
[EventRounds "11"]
[EventCountry "USA"]
[SourceTitle "CB04_2024"]
[SourceDate "2023.10.16"]
[SourceVersion "1"]
[SourceVersionDate "2023.10.16"]
[SourceQuality "1"]

1. e4 g6 2. d4 Bg7 3. Nf3 c5 4. c3 cxd4 5. cxd4 Nc6 6. d5 Ne5 7. Nc3 Nxf3+ 8. Qxf3 d6 9. Bd2 Nf6 10. h3 0-0 11. Bd3 a6 12. 0-0 b5 13. a3 Nd7 14. Qe2 Ne5 15. f4 Nxd3 16. Qxd3 Bd7 17. Be3 Rb8 18. Rae1 Rc8 19. Bd2 Qb6+ 20. Kh1 b4 21. axb4 Qxb4 22. e5 Bf5 23. Qxa6 Qxb2 24. Qe2 dxe5 25. fxe5 Rxc3 26. Bxc3 Qxc3 27. e6 fxe6 28. dxe6 h5 29. Qf2 Bd4 30. Qf4 Kg7 31. Rc1 Qe3 32. Rc7 Qxf4 33. Rxe7+ Kf6 0-1

[Event "Titled Tuesday intern op 09th Jan Early"]
[Site "Chess.com INT"]
[Date "2024.01.09"]
[Round "2"]
[White "Mishra, Manoj"]
[Black "Kanyamarala, Trisha"]
[Result "0-1"]
[WhiteElo "1902"]
[BlackElo "2201"]
[PlyCount "100"]
[EventDate "2024.01.09"]
[EventType "swiss (blitz)"]
[EventRounds "11"]
[EventCountry "USA"]
[SourceTitle "CB03_2024"]
[SourceDate "2024.01.17"]
[SourceVersion "1"]
[SourceVersionDate "2024.01.17"]
[SourceQuality "1"]

1. d4 Nf6 2. Nf3 e6 3. g3 b6 4. Bg2 Bb7 5. 0-0 d6 6. c4 Nbd7 7. b3 Be7 8. Bb2 0-0 9. Na3 a6 10. Nc2 c5 11. Ne3 Qc7 12. g4 Rfd8 13. h4 b5 14. h5 bxc4 15. bxc4 Rab8 16. Rb1 Be4 17. h6 Bxb1 18. Qxb1 Qb6 19. Nd1 g6 20. dxc5 Nxc5 21. Qa1 e5 22. g5 Ne8 23. Bc3 Qb1 24. Ne3 Qxa1 25. Rxa1 Ne4 26. Ba5 Rd7 27. Nd5 Bxg5 28. Nxg5 Nxg5 29. f4 exf4 30. Nxf4 Nf6 31. Bc3 Nfe4 32. Bg7 Ne6 33. Bxe4 Nxf4 34. Kf2 Re7 35. Bc6 Rxe2+ 36. Kf3 g5 37. Rg1 Rxa2 38. Rxg5 Ng6 39. Bd5 Rb3+ 40. Ke4 Re2+ 41. Kd4 Rd2+ 42. Ke4 Rb8 43. Rf5 Re8+ 44. Kf3 Nh4+ 45. Kg4 Nxf5 46. Kxf5 Rf2+ 47. Kg5 Rd2 48. Kf6 Rxd5 49. cxd5 a5 50. Kf5 a4 0-1

[Event "Titled Tuesday intern op 19th Sep Early"]
[Site "Chess.com INT"]
[Date "2023.09.19"]
[Round "6"]
[White "Bolivar, Jeison"]
[Black "Mishra, Manoj"]
[Result "1-0"]
[WhiteElo "2103"]
[BlackElo "1902"]
[PlyCount "77"]
[EventDate "2023.09.19"]
[EventType "swiss (blitz)"]
[EventRounds "11"]
[EventCountry "USA"]
[SourceTitle "EXT 2024"]
[Source "ChessBase"]
[SourceDate "2023.10.10"]
[SourceVersion "1"]
[SourceVersionDate "2023.10.10"]
[SourceQuality "1"]

1. e4 Nf6 2. e5 Nd5 3. d4 d6 4. Nf3 dxe5 5. Nxe5 c6 6. Bd3 Nd7 7. Nxd7 Bxd7 8. 0-0 g6 9. Bg5 Bg7 10. c3 0-0 11. Re1 h6 12. Bd2 Be6 13. Bxg6 Qd7 14. Bd3 Kh8 15. Qh5 Bg4 16. Qh4 h5 17. h3 Bf6 18. Bg5 Rg8 19. Bxf6+ Nxf6 20. hxg4 Rxg4 21. Qh2 Rag8 22. Bf1 Qf5 23. Re5 Qg6 24. Nd2 h4 25. Rae1 e6 26. Nf3 Kg7 27. Kh1 Ne4 28. R5xe4 Rxe4 29. Rxe4 Qxe4 30. Qe5+ Qxe5 31. Nxe5 Kf6 32. Kh2 Kf5 33. Bd3+ Kf4 34. Nxf7 Rf8 35. Ne5 c5 36. Ng6+ Kg5 37. Nxf8 cxd4 38. Nxe6+ Kf6 39. Nxd4 1-0

[Event "Titled Tuesday intern op 12th Sep Early"]
[Site "Chess.com INT"]
[Date "2023.09.12"]
[Round "8"]
[White "Davidson, Kevin"]
[Black "Mishra, Manoj"]
[Result "0-1"]
[WhiteElo "2154"]
[BlackElo "1902"]
[PlyCount "94"]
[EventDate "2023.09.12"]
[EventType "swiss (blitz)"]
[EventRounds "11"]
[EventCountry "USA"]
[SourceTitle "EXT 2024"]
[Source "ChessBase"]
[SourceDate "2023.10.10"]
[SourceVersion "1"]
[SourceVersionDate "2023.10.10"]
[SourceQuality "1"]

1. e4 c6 2. d4 d5 3. e5 c5 4. dxc5 Nc6 5. Bb5 e6 6. Be3 Nge7 7. c3 Bd7 8. Nf3 Nxe5 9. Nxe5 Bxb5 10. Na3 Bd7 11. 0-0 Nf5 12. Bd4 Qc7 13. b4 a5 14. Nxd7 Qxd7 15. Nc2 Be7 16. Re1 0-0 17. a3 Qa4 18. Qd3 Qb3 19. Reb1 Qa4 20. bxa5 Rxa5 21. Rb4 Qc6 22. Rb6 Qc8 23. Rab1 Bxc5 24. Rxb7 Bxd4 25. cxd4 Nd6 26. R7b3 Qc4 27. Ne3 Qxd3 28. Rxd3 Rfa8 29. Rbb3 g6 30. g3 Nc4 31. Ng4 Rxa3 32. Rxa3 Rxa3 33. Rxa3 Nxa3 34. Ne3 Nb5 35. Nc2 Kf8 36. Kf1 Ke7 37. Ke2 Kd6 38. Kd3 f6 39. f4 Na7 40. g4 Nc6 41. Ne3 e5 42. fxe5+ fxe5 43. dxe5+ Nxe5+ 44. Ke2 Nc4 45. Ng2 Ke5 46. h3 Ke4 47. Kf2 d4 0-1

[Event "Titled Tuesday intern op 12th Sep Early"]
[Site "Chess.com INT"]
[Date "2023.09.12"]
[Round "11"]
[White "Mishra, Manoj"]
[Black "Majella, Yoseph Rudijanto"]
[Result "0-1"]
[WhiteElo "1902"]
[BlackElo "2130"]
[PlyCount "52"]
[EventDate "2023.09.12"]
[EventType "swiss (blitz)"]
[EventRounds "11"]
[EventCountry "USA"]
[SourceTitle "EXT 2024"]
[Source "ChessBase"]
[SourceDate "2023.10.10"]
[SourceVersion "1"]
[SourceVersionDate "2023.10.10"]
[SourceQuality "1"]

1. d4 d5 2. Bf4 Nf6 3. e3 c5 4. Nd2 Nc6 5. Ngf3 cxd4 6. exd4 Bg4 7. c3 e6 8. Bb5 Bd6 9. Bxd6 Qxd6 10. Qa4 0-0 11. Bxc6 bxc6 12. Ne5 c5 13. Qa3 Rfd8 14. Nxg4 Nxg4 15. Qxc5 Qf4 16. Rf1 Rab8 17. 0-0-0 Nxf2 18. g3 Qf5 19. Nb3 Nd3+ 20. Rxd3 Qxd3 21. Nd2 Rxb2 22. Kxb2 Qxd2+ 23. Ka3 Qd3 24. Rf2 Qa6+ 25. Kb2 Rb8+ 26. Ka1 Qd3 0-1

[Event "Titled Tuesday intern op 08th Aug Early"]
[Site "Chess.com INT"]
[Date "2023.08.08"]
[Round "4"]
[White "Tabuenca Mendataurigoitia, Daniel"]
[Black "Mishra, Manoj"]
[Result "1-0"]
[WhiteElo "2359"]
[BlackElo "1902"]
[PlyCount "51"]
[EventDate "2023.08.08"]
[EventType "swiss (blitz)"]
[EventRounds "11"]
[EventCountry "USA"]
[SourceTitle "EXT 2024"]
[Source "ChessBase"]
[SourceDate "2023.10.10"]
[SourceVersion "1"]
[SourceVersionDate "2023.10.10"]
[SourceQuality "1"]

1. e4 Nf6 2. e5 Nd5 3. c4 Nb6 4. d4 d6 5. exd6 cxd6 6. Nc3 g6 7. a4 Bg7 8. a5 N6d7 9. Ra3 0-0 10. Be3 Nf6 11. h3 Nc6 12. d5 Ne5 13. f4 Ned7 14. Nf3 Nc5 15. b4 Nfe4 16. Nxe4 Nxe4 17. Bd3 Bc3+ 18. Rxc3 Nxc3 19. Qc2 e5 20. Qxc3 e4 21. Bxe4 Re8 22. Bc2 Qe7 23. Kf2 b6 24. Re1 bxa5 25. Bd4 axb4 26. Rxe7 1-0

[Event "Titled Tuesday intern op 08th Aug Early"]
[Site "Chess.com INT"]
[Date "2023.08.08"]
[Round "8"]
[White "Vaibhav, Suri"]
[Black "Mishra, Manoj"]
[Result "1-0"]
[WhiteElo "2588"]
[BlackElo "1902"]
[PlyCount "53"]
[EventDate "2023.08.08"]
[EventType "swiss (blitz)"]
[EventRounds "11"]
[EventCountry "USA"]
[SourceTitle "EXT 2024"]
[Source "ChessBase"]
[SourceDate "2023.10.10"]
[SourceVersion "1"]
[SourceVersionDate "2023.10.10"]
[SourceQuality "1"]

1. d4 Nf6 2. Nc3 d5 3. Bf4 Bf5 4. e3 a6 5. Be2 h6 6. g4 Bh7 7. h4 e6 8. g5 Ne4 9. gxh6 gxh6 10. Bd3 c5 11. Bxe4 dxe4 12. d5 Rg8 13. Nge2 Nd7 14. dxe6 fxe6 15. Qd2 Qb6 16. 0-0-0 0-0-0 17. Na4 Qc6 18. Qa5 e5 19. Bxe5 b5 20. Rxd7 Rxd7 21. Nb6+ Kb7 22. Nxd7 Qxd7 23. Rd1 Qc6 24. Qd8 Bg7 25. Rd7+ Qxd7 26. Qxd7+ Kb6 27. Qc7# 1-0

[Event "Titled Tuesday intern op 25th Jul Early"]
[Site "Chess.com INT"]
[Date "2023.07.25"]
[Round "5"]
[White "Berezin, Viktor1111"]
[Black "Mishra, Manoj"]
[Result "0-1"]
[WhiteElo "2307"]
[BlackElo "1902"]
[PlyCount "128"]
[EventDate "2023.07.25"]
[EventType "swiss (blitz)"]
[EventRounds "11"]
[EventCountry "USA"]
[SourceTitle "EXT 2024"]
[Source "ChessBase"]
[SourceDate "2023.10.10"]
[SourceVersion "1"]
[SourceVersionDate "2023.10.10"]
[SourceQuality "1"]

1. d4 Nf6 2. Nf3 g6 3. g3 Bg7 4. Bg2 0-0 5. 0-0 d6 6. a4 Nbd7 7. a5 e5 8. a6 e4 9. Ng5 d5 10. axb7 Bxb7 11. c4 h6 12. Nh3 g5 13. cxd5 Bxd5 14. Nc3 c6 15. f3 exf3 16. exf3 Qb6 17. Nf2 Bc4 18. Re1 Nd5 19. Nxd5 Bxd5 20. Be3 Qxb2 21. Ne4 Rfb8 22. f4 Qxg2+ 23. Kxg2 Bxe4+ 24. Kg1 Rb2 25. Bf2 f5 26. Rc1 Nf6 27. fxg5 Ng4 28. Re2 Bf3 29. Rxb2 Bxd1 30. Rxd1 Nxf2 31. Kxf2 c5 32. Kf3 Bxd4 33. Rb7 hxg5 34. h4 gxh4 35. gxh4 a5 36. Rd3 a4 37. Ra3 Bf6 38. h5 Kh8 39. Kf4 Bh4 40. Kxf5 Be1 41. Re3 Bh4 42. Ra3 Be1 43. Kg6 c4 44. Re7 Bb4 45. Rae3 Bxe7 46. Rxe7 a3 47. Re2 a2 48. h6 a1Q 49. Re6 Qg1+ 50. Kh5 Qh2+ 51. Kg6 Rg8+ 52. Kf7 Qf4+ 53. Ke7 Qg5+ 54. Kd7 Rg6 55. Re8+ Kh7 56. Re7+ Qxe7+ 57. Kxe7 c3 58. Kf7 c2 59. Ke7 Rxh6 60. Kf7 c1Q 61. Ke7 Qd2 62. Kf7 Rh2 63. Ke7 Qe1+ 64. Kf7 Rf2# 0-1

[Event "Titled Tuesday intern op 25th Jul Early"]
[Site "Chess.com INT"]
[Date "2023.07.25"]
[Round "1"]
[White "Kochiev, Ivan"]
[Black "Mishra, Manoj"]
[Result "1-0"]
[WhiteElo "2053"]
[BlackElo "1902"]
[PlyCount "139"]
[EventDate "2023.07.25"]
[EventType "swiss (blitz)"]
[EventRounds "11"]
[EventCountry "USA"]
[SourceTitle "EXT 2024"]
[Source "ChessBase"]
[SourceDate "2023.10.10"]
[SourceVersion "1"]
[SourceVersionDate "2023.10.10"]
[SourceQuality "1"]

1. e4 Nf6 2. e5 Nd5 3. d4 d6 4. c4 Nb6 5. exd6 cxd6 6. Nf3 Bg4 7. h3 Bxf3 8. Qxf3 Nc6 9. Be3 g6 10. Nc3 Bg7 11. Rd1 0-0 12. Be2 e6 13. 0-0 d5 14. cxd5 Nxd5 15. Bc4 Nxe3 16. fxe3 Qb6 17. b3 Rac8 18. Na4 Qc7 19. Nc5 b6 20. Ne4 Ne7 21. Nf6+ Bxf6 22. Qxf6 Nf5 23. Rf3 Qd8 24. Qe5 Qg5 25. Kh1 h5 26. Rf4 Ng3+ 27. Kh2 Qxe5 28. dxe5 Nf5 29. Rd7 Nxe3 30. Rxa7 b5 31. Bxb5 Rc1 32. Bd3 g5 33. Rf3 Re1 34. Rg3 g4 35. Ra4 Rd8 36. Ba6 Rdd1 37. Rxe3 Rxe3 38. hxg4 hxg4 39. Rxg4+ Kf8 40. Bc4 Rxe5 41. a4 f5 42. Rg6 Kf7 43. Rh6 f4 44. Rh4 Re4 45. a5 Ra1 46. a6 Kf6 47. Rh6+ Ke7 48. a7 Kd6 49. Kh3 Re3+ 50. Kg4 Rg3+ 51. Kxf4 Rxg2 52. Rxe6+ Kd7 53. Ra6 Rf2+ 54. Ke3 Rxa6 55. Bxa6 Rf8 56. Bb7 Re8+ 57. Kd3 Kc7 58. a8Q Rxa8 59. Bxa8 Kb8 60. Bd5 Ka7 61. Kc4 Kb6 62. b4 Kc7 63. b5 Kb8 64. Kc5 Ka7 65. b6+ Kb8 66. Kc6 Kc8 67. Be4 Kb8 68. b7 Ka7 69. Kc7 Ka6 70. b8Q 1-0

[Event "Titled Tuesday intern op 04th Jul Early"]
[Site "Chess.com INT"]
[Date "2023.07.04"]
[Round "4"]
[White "Mishra, Manoj"]
[Black "Carrasco Miranda, Andres"]
[Result "0-1"]
[WhiteElo "1902"]
[BlackElo "2240"]
[PlyCount "60"]
[EventDate "2023.07.04"]
[EventType "swiss (blitz)"]
[EventRounds "11"]
[EventCountry "USA"]
[SourceTitle "EXT 2024"]
[Source "ChessBase"]
[SourceDate "2023.10.10"]
[SourceVersion "1"]
[SourceVersionDate "2023.10.10"]
[SourceQuality "1"]

1. d4 Nf6 2. Bg5 d5 3. e3 c5 4. c3 Qb6 5. Qb3 c4 6. Qxb6 axb6 7. Bxf6 gxf6 8. Nd2 b5 9. e4 dxe4 10. Nxe4 f5 11. Nd2 Bh6 12. g3 f4 13. Ngf3 Nc6 14. Bg2 Bf5 15. 0-0 Bd3 16. Rfe1 e6 17. d5 Nd8 18. g4 0-0 19. g5 Bg7 20. Nd4 Bxd4 21. cxd4 exd5 22. Bxd5 Nc6 23. Nf3 Rfd8 24. Bxc6 bxc6 25. Kg2 Rd5 26. Kh3 Bf5+ 27. Kh4 b4 28. Re5 b3 29. Rxd5 cxd5 30. a3 c3 0-1

[Event "Titled Tuesday intern op 04th Jul Early"]
[Site "Chess.com INT"]
[Date "2023.07.04"]
[Round "2"]
[White "Mishra, Manoj"]
[Black "Reprintsev, Alexander"]
[Result "0-1"]
[WhiteElo "1902"]
[BlackElo "2225"]
[PlyCount "120"]
[EventDate "2023.07.04"]
[EventType "swiss (blitz)"]
[EventRounds "11"]
[EventCountry "USA"]
[SourceTitle "EXT 2024"]
[Source "ChessBase"]
[SourceDate "2023.10.10"]
[SourceVersion "1"]
[SourceVersionDate "2023.10.10"]
[SourceQuality "1"]

1. e4 d5 2. exd5 Qxd5 3. Nc3 Qd6 4. d4 c6 5. g3 Bf5 6. Bg2 e6 7. Bf4 Qd8 8. Nf3 Nf6 9. 0-0 Nbd7 10. Re1 Be7 11. Nh4 Bg4 12. f3 Bh5 13. Nf5 exf5 14. Bd6 Ng8 15. Qe2 Nf8 16. Bxe7 Nxe7 17. d5 cxd5 18. Nxd5 Ne6 19. Nxe7 Qxe7 20. g4 Bg6 21. gxf5 Bxf5 22. Qb5+ Qd7 23. Qxf5 0-0 24. Rad1 Qc7 25. Bh3 Rad8 26. Bf1 Nd4 27. Qe4 f5 28. Qd3 Qxc2 29. Qxc2 Nxc2 30. Rxd8 Rxd8 31. Re7 Rd1 32. Kf2 Rd2+ 33. Kg1 Nd4 34. Bc4+ Kf8 35. Rf7+ Ke8 36. Rxb7 Nxf3+ 37. Kf1 Nxh2+ 38. Ke1 Nf3+ 39. Kf1 g5 40. Bb5+ Kd8 41. Rxh7 Rxb2 42. a4 a5 43. Rh8+ Ke7 44. Ra8 g4 45. Bc6 Nd4 46. Ra7+ Kd6 47. Rd7+ Kxc6 48. Rxd4 Rb4 49. Rd2 Rxa4 50. Kg2 Rb4 51. Kg3 a4 52. Rd8 a3 53. Ra8 Rb3+ 54. Kf4 Rf3+ 55. Kg5 Kd5 56. Ra5+ Ke4 57. Kh4 Rd3 58. Ra4+ Ke3 59. Kg5 Kf2 60. Kxf5 g3 0-1

[Event "Titled Tuesday intern op 04th Jul Early"]
[Site "Chess.com INT"]
[Date "2023.07.04"]
[Round "1"]
[White "Siniauski, Artsiom"]
[Black "Mishra, Manoj"]
[Result "1-0"]
[WhiteElo "2253"]
[BlackElo "1902"]
[PlyCount "125"]
[EventDate "2023.07.04"]
[EventType "swiss (blitz)"]
[EventRounds "11"]
[EventCountry "USA"]
[SourceTitle "EXT 2024"]
[Source "ChessBase"]
[SourceDate "2023.10.10"]
[SourceVersion "1"]
[SourceVersionDate "2023.10.10"]
[SourceQuality "1"]

1. e4 Nf6 2. e5 Nd5 3. d4 d6 4. c4 Nb6 5. f4 dxe5 6. fxe5 Nc6 7. Be3 Bf5 8. Nc3 e6 9. Nf3 Nb4 10. Rc1 c5 11. a3 cxd4 12. Nxd4 Nc6 13. Nxf5 Qxd1+ 14. Rxd1 exf5 15. Bf4 Be7 16. Bd3 g5 17. Bc1 f4 18. b4 Nxe5 19. c5 Nbc4 20. Nd5 Nxd3+ 21. Rxd3 Bd8 22. 0-0 0-0 23. h4 h6 24. hxg5 hxg5 25. Kf2 Ne5 26. Rh3 g4 27. Rh5 Nd3+ 28. Ke2 Nxc1+ 29. Rxc1 Kg7 30. Rch1 Rg8 31. Rh7+ Kf8 32. R1h5 Bg5 33. Rh8 Bd8 34. Rxg8+ Kxg8 35. Rf5 Kg7 36. Rxf4 f5 37. Rxf5 Kg6 38. Rf8 a5 39. b5 a4 40. c6 bxc6 41. bxc6 Kg7 42. Rf4 Ba5 43. Rxg4+ Kf7 44. Rxa4 Ke6 45. Nc7+ Bxc7 46. Rxa8 Kd6 47. g4 Kxc6 48. Rc8 Kd7 49. Rxc7+ Kxc7 50. a4 Kb6 51. g5 Ka5 52. g6 Kxa4 53. g7 Kb5 54. g8Q Kc6 55. Qd8 Kc5 56. Qf6 Kc4 57. Qe5 Kb4 58. Qd5 Kc3 59. Qe4 Kb3 60. Qd4 Kc2 61. Qb4 Kc1 62. Kd3 Kd1 63. Qd2# 1-0

[Event "Titled Tuesday intern op 27th Jun Early"]
[Site "Chess.com INT"]
[Date "2023.06.27"]
[Round "2"]
[White "Mishra, Manoj"]
[Black "Han, Yichen"]
[Result "0-1"]
[WhiteElo "1902"]
[BlackElo "2413"]
[PlyCount "100"]
[EventDate "2023.06.27"]
[EventType "swiss (blitz)"]
[EventRounds "11"]
[EventCountry "USA"]
[SourceTitle "EXT 2024"]
[Source "ChessBase"]
[SourceDate "2023.10.10"]
[SourceVersion "1"]
[SourceVersionDate "2023.10.10"]
[SourceQuality "1"]

1. d4 d5 2. Bf4 h5 3. Nf3 Nf6 4. e3 c5 5. c3 Nc6 6. Bd3 Bg4 7. Nbd2 e6 8. h3 Bxf3 9. Nxf3 Bd6 10. Ne5 Bxe5 11. dxe5 Nd7 12. Bb5 Qb6 13. Bxc6 Qxc6 14. c4 dxc4 15. 0-0 0-0-0 16. b3 g5 17. Bh2 g4 18. h4 Nxe5 19. Bxe5 Rxd1 20. Rfxd1 Rd8 21. bxc4 Rxd1+ 22. Rxd1 Qa4 23. Rd2 Qxc4 24. Kh2 Qc1 25. Rd3 c4 26. Rc3 Qf1 27. a4 a6 28. a5 Kd7 29. e4 Kc6 30. Bf4 Kb5 31. Rc2 Qb1 32. Rc1 Qxe4 33. Bd2 Qd4 34. Be3 Qe5+ 35. g3 Qb2 36. Rd1 c3 37. Rd7 Kc6 38. Rxf7 c2 39. Re7 c1Q 40. Bxc1 Qxc1 41. Rxe6+ Kd7 42. Rb6 Qc7 43. Rh6 Qxa5 44. Rh7+ Kc8 45. Rh8+ Kc7 46. Rh7+ Kb8 47. Rh8+ Ka7 48. Kg2 Qd5+ 49. Kh2 a5 50. Rh6 a4 0-1